[Event "50th World U20 ch"]
[Site "Chennai IND"]
[Date "2011.08.15"]
[Round "13.28"]
[White "Das, Sayantan"]
[Black "Getz, Nicolai"]
[Result "1-0"]
[WhiteElo "2246"]
[BlackElo "2385"]
[EventDate "2011.08.02"]
[PlyCount "58"]

1.d4 Nf6 2.Nf3 d6 3.Nbd2 g6 4.e4 Bg7 5.Bd3 O-O 6.O-O Nc6 7.c3 e5 8.dxe5 
dxe5 9.Nc4 Nh5 10.Re1 Nf4 11.Bxf4 exf4 12.a4 g5 13.e5 g4 14.Nd4 Nxd4 15.
cxd4 g3 16.d5 gxh2+ 17.Kxh2 Qh4+ 18.Kg1 Bg4 19.Qc2 Rad8 20.f3 Bc8 21.Rad1 
Kh8 22.Bf1 Rfe8 23.Qf2 Qxf2+ 24.Kxf2 f6 25.d6 c5 26.d7 Bxd7 27.Nd6 Be6 28.
Nxe8 Rxe8 29.Bb5 Rf8 1-0

[Event "50th World U20 ch"]
[Site "Chennai IND"]
[Date "2011.08.15"]
[Round "13.30"]
[White "Surendran, N."]
[Black "Yanev, Tikhomir"]
[Result "0-1"]
[WhiteElo "2187"]
[BlackElo "2349"]
[EventDate "2011.08.02"]
[PlyCount "110"]

1.d4 Nf6 2.Nf3 g6 3.g3 Bg7 4.Bg2 O-O 5.O-O d6 6.c4 Nbd7 7.Nc3 e5 8.Qc2 Re8
9.Rd1 c6 10.e4 Qc7 11.h3 a5 12.Be3 exd4 13.Nxd4 Nc5 14.Nb3 Nfd7 15.Bf4 Ne5
16.Nxc5 dxc5 17.b3 g5 18.Bxg5 Bxh3 19.Bxh3 Nf3+ 20.Kg2 Nxg5 21.Bf5 Ne6 22.
Ne2 Bxa1 23.Rxa1 Ng7 24.Rh1 Nxf5 25.exf5 Qe5 26.f6 Qe4+ 27.Qxe4 Rxe4 28.
Nf4 a4 29.Rh5 a3 30.Rg5+ Kh8 31.Rg7 Rf8 32.Rg5 b6 33.Rh5 Rg8 34.Nh3 Reg4 
35.Rf5 h6 36.Re5 R4g6 37.Re7 Rxf6 38.Ra7 b5 39.Rxa3 Rg4 40.cxb5 cxb5 41.
Ra5 Rb6 42.Ra7 Kg7 43.Nf4 Rg5 44.Rc7 Rd6 45.a3 Re5 46.a4 b4 47.Rc8 Re1 48.
Nh5+ Kh7 49.g4 Rg6 50.f3 Re5 51.Kf2 f5 52.f4 Rd5 53.g5 Rd2+ 54.Ke3 Rgd6 
55.Nf6+ Kg6 0-1

[Event "50th World U20 ch"]
[Site "Chennai IND"]
[Date "2011.08.15"]
[Round "13.31"]
[White "Krishna, C. R. G."]
[Black "Sidhant, Mohapatra"]
[Result "1-0"]
[WhiteElo "2330"]
[BlackElo "2155"]
[EventDate "2011.08.02"]
[PlyCount "73"]

1.d4 d5 2.c4 e6 3.Nf3 Nf6 4.g3 c6 5.Qc2 Nbd7 6.Bg2 Be7 7.O-O O-O 8.Nbd2 b6
9.b3 Ba6 10.e4 Rc8 11.Bb2 c5 12.exd5 exd5 13.Qf5 g6 14.Qh3 Rc7 15.Rfe1 Bc8
16.cxd5 Ne5 17.dxe5 Bxh3 18.exf6 Bxf6 19.Bxf6 Qxf6 20.Bxh3 Rd8 21.Ne4 Qxf3
22.Re3 Qxe3 23.fxe3 f5 24.Nc3 c4 25.b4 Re7 26.Kf2 a6 27.a4 b5 28.axb5 axb5
29.Bg2 Rde8 30.d6 Rg7 31.Nxb5 Rb8 32.Ra8 Rxa8 33.Bxa8 c3 34.Nxc3 Ra7 35.
Bc6 Kf7 36.Nd5 Ra6 37.d7 1-0

[Event "50th World U20 ch"]
[Site "Chennai IND"]
[Date "2011.08.15"]
[Round "13.32"]
[White "Akash Iyer, P. C."]
[Black "Shreyansh, Daklia"]
[Result "1/2-1/2"]
[WhiteElo "2069"]
[BlackElo "2298"]
[EventDate "2011.08.02"]
[PlyCount "101"]

1.e4 c6 2.d3 d5 3.Nd2 e5 4.Ngf3 Bd6 5.g3 Nf6 6.Bg2 O-O 7.O-O Re8 8.b3 Nbd7
9.Bb2 Qc7 10.Re1 dxe4 11.dxe4 b5 12.c3 a5 13.Qc2 Bb7 14.Rad1 Bf8 15.Nf1 a4
16.Bc1 h6 17.Nh4 g6 18.Kh1 axb3 19.axb3 Kh7 20.f4 Rad8 21.Nf3 Bg7 22.c4 
bxc4 23.Qxc4 Nb6 24.Qc2 Rxd1 25.Rxd1 exf4 26.Bxf4 Qe7 27.Bd6 Qe6 28.e5 
Nfd5 29.Re1 Qd7 30.N1d2 Nc8 31.Ne4 Qd8 32.Qf2 Kg8 33.Bh3 f5 34.exf6 Nxd6 
35.Nxd6 Rxe1+ 36.Qxe1 Qxd6 37.Qe6+ Qxe6 38.Bxe6+ Kf8 39.fxg7+ Kxg7 40.Bxd5
cxd5 41.Kg1 Kf6 42.Kf2 Kf5 43.Ke3 Kg4 44.Ne5+ Kh3 45.Nxg6 Kxh2 46.Ne7 h5 
47.Nf5 Bc8 48.Ng7 Bg4 49.Kd4 Kxg3 50.Nxh5+ Bxh5 51.Kxd5 1/2-1/2

[Event "50th World U20 ch"]
[Site "Chennai IND"]
[Date "2011.08.15"]
[Round "13.33"]
[White "Kozganbaev, Erken"]
[Black "Gagare, Shardul"]
[Result "1/2-1/2"]
[WhiteElo "2284"]
[BlackElo "2223"]
[EventDate "2011.08.02"]
[PlyCount "81"]

1.c4 g6 2.g3 Bg7 3.Bg2 Nf6 4.Nc3 O-O 5.e4 d6 6.Nge2 c5 7.O-O Nc6 8.d3 a6 
9.a4 Ne8 10.Be3 Nc7 11.d4 cxd4 12.Nxd4 Ne5 13.b3 Ng4 14.Bc1 Ne6 15.Nde2 
Qa5 16.Bd2 Bd7 17.h3 Ne5 18.Nd5 Qd8 19.Be3 Nc5 20.f4 Ned3 21.Ra2 e6 22.
Ndc3 Qa5 23.Qd2 Bc6 24.Rb1 Nb4 25.Ra3 b6 26.g4 Ncd3 27.Na2 b5 28.Nxb4 Qxb4
29.Qxb4 Nxb4 30.axb5 axb5 31.Rxa8 Rxa8 32.Nd4 bxc4 33.bxc4 Bxd4 34.Bxd4 
Nd3 35.Rb6 Rc8 36.Be3 e5 37.f5 f6 38.fxg6 hxg6 39.Kf1 Kf7 40.h4 Nc5 41.
Bxc5 1/2-1/2

[Event "50th World U20 ch"]
[Site "Chennai IND"]
[Date "2011.08.15"]
[Round "13.35"]
[White "Tomazini, Zan"]
[Black "Cori Tello, Jorge"]
[Result "0-1"]
[WhiteElo "2288"]
[BlackElo "2514"]
[EventDate "2011.08.02"]
[PlyCount "104"]

1.e4 e5 2.Nf3 Nc6 3.d4 exd4 4.Nxd4 Bc5 5.Nb3 Bb6 6.Qe2 Nge7 7.Nc3 O-O 8.
Be3 d6 9.O-O-O f5 10.h4 f4 11.Bxb6 axb6 12.h5 h6 13.Kb1 Be6 14.Nd5 Ne5 15.
Nd4 Bg4 16.f3 Nxd5 17.exd5 Bd7 18.g3 Qc8 19.Rg1 Qe8 20.Qg2 Qe7 21.Qh2 Qf7 
22.gxf4 Qxf4 23.Qg2 Rf7 24.Bd3 Kh8 25.Be4 Qf6 26.f4 Nc4 27.Qe2 b5 28.c3 
Re8 29.Qd3 Qxf4 30.Bg6 Qh2 31.Nc2 Ne5 32.Qg3 Qxg3 33.Rxg3 Nxg6 34.hxg6 Rf6
35.Nd4 Kg8 36.Kc2 Re5 37.Kb3 Rxd5 38.Re1 Re5 39.Rxe5 dxe5 40.Nf3 e4 41.Ne5
Be6+ 42.Kb4 Rf5 43.Nf7 Bxf7 44.gxf7+ Kxf7 45.c4 c6 46.b3 Re5 47.Re3 Kf6 
48.Kc3 Kf5 49.Kd4 Kf4 50.Re1 c5+ 51.Kc3 b4+ 52.Kc2 e3 0-1

[Event "50th World U20 ch"]
[Site "Chennai IND"]
[Date "2011.08.15"]
[Round "13.38"]
[White "Firat, Burak"]
[Black "Lokesh, P."]
[Result "1-0"]
[WhiteElo "2373"]
[BlackElo "2194"]
[EventDate "2011.08.02"]
[PlyCount "73"]

1.e4 c5 2.Nf3 d6 3.d4 cxd4 4.Nxd4 Nf6 5.f3 e5 6.Nb3 d5 7.Bg5 dxe4 8.Qxd8+ 
Kxd8 9.fxe4 Nd7 10.Bc4 h6 11.Be3 Nxe4 12.Bxf7 Ndf6 13.O-O b6 14.Bg6 Bb7 
15.a4 Kc7 16.a5 Be7 17.Na3 Bxa3 18.Rxa3 Nd6 19.c4 Rac8 20.axb6+ axb6 21.
Rc1 Kb8 22.Bd3 Be4 23.Bf1 Rc6 24.c5 Nf5 25.Bf2 Rhc8 26.Rc4 Bd5 27.Rb4 Ne4 
28.cxb6 Rc2 29.b7 Bxb7 30.Na5 Ned6 31.h3 Rc1 32.Nxb7 Nxb7 33.Ra5 Rf8 34.
Rxe5 Kc8 35.Rf4 Nbd6 36.g4 g5 37.Rf3 1-0

[Event "50th World U20 ch"]
[Site "Chennai IND"]
[Date "2011.08.15"]
[Round "13.40"]
[White "Kulkarni, Rakesh"]
[Black "Soors, Stef"]
[Result "1/2-1/2"]
[WhiteElo "2231"]
[BlackElo "2353"]
[EventDate "2011.08.02"]
[PlyCount "111"]

1.e4 c6 2.c4 d5 3.exd5 cxd5 4.cxd5 Nf6 5.Nc3 g6 6.h4 Bg7 7.Be2 h5 8.Bc4 
O-O 9.d3 b5 10.Nxb5 Nxd5 11.Ne2 Nc6 12.O-O Bg4 13.f3 Be6 14.Kh1 Qd7 15.Nf4
Nxf4 16.Bxf4 Nd4 17.Nxd4 Qxd4 18.Qd2 Bxc4 19.dxc4 Rfd8 20.Qxd4 Rxd4 21.g3 
Rxc4 22.Rf2 Rb4 23.Re1 Bxb2 24.Rxe7 Bf6 25.Re4 a5 26.Kg2 Rc8 27.Rfe2 Kg7 
28.Bd6 Rb1 29.f4 Rd1 30.Be5 Rd3 31.Kf2 Rc1 32.R4e3 Rxe3 33.Kxe3 Bxe5 34.
fxe5 Rc3+ 35.Kf4 Ra3 36.e6 Ra4+ 37.Ke5 fxe6 38.Kxe6 Ra3 39.Rg2 Kh6 40.Ke5 
Kg7 41.Kf4 Ra4+ 42.Ke5 Rg4 43.Rg1 g5 44.Rb1 gxh4 45.gxh4 Rxh4 46.Kf5 Rb4 
47.Rg1+ Kf7 48.Kg5 h4 49.Rh1 Rb2 50.Rxh4 Rxa2 51.Kf5 Rf2+ 52.Ke5 Rg2 53.
Rh7+ Kg6 54.Ra7 Ra2 55.Kd5 Kf6 56.Kc5 1/2-1/2

[Event "50th World U20 ch"]
[Site "Chennai IND"]
[Date "2011.08.15"]
[Round "13.41"]
[White "Kathmale, Sameer"]
[Black "Kuchynka, Lukas"]
[Result "1-0"]
[WhiteElo "2211"]
[BlackElo "2339"]
[EventDate "2011.08.02"]
[PlyCount "57"]

1.e4 b6 2.d4 Bb7 3.Bd3 Nf6 4.Nd2 e6 5.Ngf3 c5 6.c3 Be7 7.O-O cxd4 8.cxd4 
Ba6 9.Bxa6 Nxa6 10.d5 exd5 11.exd5 O-O 12.Nc4 d6 13.Nd4 Qd7 14.Nc6 Rfc8 
15.Nxe7+ Qxe7 16.b3 Rc5 17.Bb2 Nb4 18.Re1 Qd8 19.Ne3 Nbxd5 20.Nf5 Qd7 21.
Qf3 Re8 22.Rxe8+ Nxe8 23.Bd4 Ra5 24.Re1 Ndf6 25.Bxf6 Rxf5 26.Qxf5 Nxf6 27.
Qxd7 Nxd7 28.Re8+ Nf8 29.Ra8 1-0

[Event "50th World U20 ch"]
[Site "Chennai IND"]
[Date "2011.08.15"]
[Round "13.43"]
[White "Aaron, Deepak"]
[Black "Manigandan, S. S."]
[Result "1/2-1/2"]
[WhiteElo "2288"]
[BlackElo "2109"]
[EventDate "2011.08.02"]
[PlyCount "116"]

1.e4 e6 2.d4 d5 3.Nc3 Bb4 4.Ne2 dxe4 5.a3 Be7 6.Nxe4 Nf6 7.Qd3 b6 8.Bf4 
Bb7 9.f3 Ba6 10.Nxf6+ Bxf6 11.Qe4 c6 12.Bxb8 Rxb8 13.Qxc6+ Kf8 14.O-O-O 
Bb7 15.Qa4 a6 16.Nc3 b5 17.Qb3 Qc7 18.a4 bxa4 19.Qxa4 Qb6 20.b3 Rd8 21.Na2
Rxd4 22.Bc4 g6 23.Qb4+ Qxb4 24.Nxb4 a5 25.Rxd4 Bxd4 26.Nd3 Ke7 27.Kd2 Ra8 
28.c3 Bb6 29.Ra1 Kd6 30.Nb2 Bc6 31.Bd3 Bc7 32.Be4 Bxe4 33.fxe4 Kc6 34.h3 
Kb5 35.Kc2 Rd8 36.Rd1 Rxd1 37.Kxd1 Bg3 38.Kc2 Kc5 39.Kd3 Bf4 40.Nc4 Bc7 
41.Nd2 Bf4 42.Nf3 h6 43.Nd4 Bh2 44.Nc2 Be5 45.Ne3 Bf4 46.Nc4 Bc7 47.Nb2 
Be5 48.Kc2 Bf6 49.Nd3+ Kd6 50.b4 axb4 51.cxb4 Kc6 52.Kb3 Kb5 53.Nf2 Be7 
54.Ng4 f5 55.Nxh6 Bxb4 56.Nf7 fxe4 57.Ng5 Bd2 58.Nxe4 Be1 1/2-1/2

[Event "50th World U20 ch"]
[Site "Chennai IND"]
[Date "2011.08.15"]
[Round "13.44"]
[White "Abhilash Reddy, M. L."]
[Black "Petenyi, Tamas"]
[Result "1/2-1/2"]
[WhiteElo "2109"]
[BlackElo "2398"]
[EventDate "2011.08.02"]
[PlyCount "97"]

1.d4 Nc6 2.g3 d5 3.Bg2 Bf5 4.Nf3 Nb4 5.Na3 c6 6.O-O Nf6 7.c3 Na6 8.b4 Nc7 
9.c4 e6 10.Qb3 Be7 11.Ne5 Nd7 12.Rd1 O-O 13.Bf4 a6 14.Rac1 Nxe5 15.dxe5 
Qe8 16.Nc2 Bg6 17.a4 dxc4 18.Qxc4 Nd5 19.Bd2 Qb8 20.e4 Nb6 21.Qb3 Rd8 22.
Be3 Qc7 23.Nd4 Nd7 24.f4 Bh5 25.Rd2 Nf8 26.h3 f6 27.exf6 Bxf6 28.e5 Be7 
29.Be4 Bf7 30.Rcc2 Rd7 31.Qc3 Rad8 32.a5 Qb8 33.Kf2 Rc8 34.Nb3 Rcd8 35.Bb6
Rxd2+ 36.Nxd2 Rd7 37.Nc4 Bg6 38.Bxg6 Nxg6 39.Bc5 Qf8 40.Bxe7 Nxe7 41.Nd6 
Nf5 42.Nxf5 Qxf5 43.Rd2 Rd5 44.Rxd5 exd5 45.Qc5 Qxh3 46.Qe7 Qh2+ 47.Kf3 
Qh1+ 48.Kf2 Qh2+ 49.Kf3 1/2-1/2

[Event "50th World U20 ch"]
[Site "Chennai IND"]
[Date "2011.08.15"]
[Round "13.46"]
[White "Sochacki, Wojtek"]
[Black "Ghaledar, Faraz"]
[Result "1-0"]
[WhiteElo "2316"]
[BlackElo "2088"]
[EventDate "2011.08.02"]
[PlyCount "103"]

1.e4 e6 2.Nf3 d5 3.e5 c5 4.b4 cxb4 5.a3 Nc6 6.axb4 Bxb4 7.c3 Ba5 8.d4 Nge7
9.Bd3 h6 10.O-O O-O 11.Bc2 f5 12.exf6 Rxf6 13.Qd3 Bc7 14.Re1 Ng6 15.Nbd2 
e5 16.Bb3 Be6 17.dxe5 Ngxe5 18.Nxe5 Nxe5 19.Qe2 Qd6 20.Ba3 Qc6 21.f3 Ng6 
22.g3 Qxc3 23.Rac1 Qd4+ 24.Kh1 Ba5 25.Rc2 Bc3 26.Rd1 Qe5 27.Qxe5 Bxe5 28.
f4 Bd4 29.Nf3 Bb6 30.Re2 Kh7 31.Rxe6 Rxe6 32.f5 Re3 33.fxg6+ Kh8 34.Bxd5 
Rxa3 35.Ne5 Ra5 36.Nf7+ Kg8 37.Nxh6+ Kf8 38.Rf1+ Ke7 39.Rf7+ Kd6 40.Bxb7 
Ra1+ 41.Kg2 Rh8 42.Nf5+ Ke5 43.h4 a5 44.Nxg7 a4 45.Rf5+ Kd6 46.Rf6+ Kc5 
47.Ne6+ Kb4 48.g7 Rg8 49.Rf8 Rg1+ 50.Kh3 a3 51.Rxg8 a2 52.Ra8 1-0

[Event "50th World U20 ch"]
[Site "Chennai IND"]
[Date "2011.08.15"]
[Round "13.47"]
[White "Gusain, Himal"]
[Black "Yohan, J."]
[Result "0-1"]
[WhiteElo "2208"]
[BlackElo "2017"]
[EventDate "2011.08.02"]
[PlyCount "116"]

1.e4 e5 2.Nf3 Nc6 3.Bb5 a6 4.Ba4 Nf6 5.O-O b5 6.Bb3 Bc5 7.c3 d6 8.d4 Bb6 
9.h3 Bb7 10.Re1 O-O 11.Bg5 h6 12.Bh4 g5 13.Nxg5 hxg5 14.Bxg5 exd4 15.Qf3 
Kg7 16.Qg3 Rh8 17.Bh4+ Kf8 18.Qf4 Rxh4 19.Qxh4 Ng8 20.Qg3 Qf6 21.Nd2 Qg7 
22.Qf4 Ne5 23.Rf1 dxc3 24.bxc3 Qf6 25.Qg3 Qg6 26.Qf4 Nf6 27.Bc2 Ke7 28.
Rae1 Rg8 29.Qh2 Qg3 30.Qxg3 Rxg3 31.Kh1 Rxc3 32.Bb1 Nh5 33.Rc1 Rxc1 34.
Rxc1 c5 35.g3 c4 36.Kg2 f5 37.f3 Be3 38.Rd1 Bxd2 39.Rxd2 fxe4 40.Bxe4 Bxe4
41.fxe4 Nf6 42.Re2 c3 43.Kf2 b4 44.Ke3 a5 45.g4 Nh7 46.Kf4 a4 47.Rc2 Nc4 
48.Rc1 Na3 49.Ke3 c2 50.Kd3 Ng5 51.h4 Nf3 52.h5 Ne5+ 53.Kd2 b3 54.axb3 
axb3 55.Kc3 Nd3 56.h6 b2 57.h7 bxc1=Q 58.h8=Q Qa1+ 0-1

[Event "50th World U20 ch"]
[Site "Chennai IND"]
[Date "2011.08.15"]
[Round "13.48"]
[White "Visakh, N. R."]
[Black "Soares, Erikson"]
[Result "1/2-1/2"]
[WhiteElo "2042"]
[BlackElo "2181"]
[EventDate "2011.08.02"]
[PlyCount "115"]

1.e4 e6 2.d4 d5 3.Nc3 Nf6 4.Bg5 Bb4 5.exd5 Qxd5 6.Bxf6 gxf6 7.Nf3 c5 8.a3 
Bxc3+ 9.bxc3 Nc6 10.Be2 O-O 11.Qd2 cxd4 12.cxd4 Rd8 13.Rd1 Qa5 14.O-O Qxd2
15.Rxd2 Bd7 16.d5 exd5 17.Rxd5 Be6 18.Rxd8+ Rxd8 19.Rd1 Rc8 20.h3 Kf8 21.
Kh2 Ke7 22.Rb1 b6 23.Rb5 Kf8 24.Bd3 Kg7 25.a4 h6 26.Kg3 Rd8 27.Kf4 Bd5 28.
Be4 Bxe4 29.Kxe4 Rd1 30.c4 Ra1 31.Kd5 Nd8 32.c5 bxc5 33.Ra5 Rd1+ 34.Ke4 
Ne6 35.Rxa7 c4 36.Ra8 Nc5+ 37.Ke3 c3 38.Rc8 c2 39.Rxc5 c1=Q+ 40.Rxc1 Rxc1 
41.Nd4 Ra1 42.Nf5+ Kh7 43.Kf3 Rxa4 44.g4 Kg6 45.Kg3 Re4 46.f3 Re5 47.Nh4+ 
Kh7 48.Nf5 h5 49.Kf4 hxg4 50.hxg4 Ra5 51.Nd6 Kg6 52.Nf5 Ra4+ 53.Kg3 Ra5 
54.Kf4 Kh7 55.Nd6 Kg6 56.Nf5 Rxf5+ 57.gxf5+ Kh5 58.Ke3 1/2-1/2

[Event "50th World U20 ch"]
[Site "Chennai IND"]
[Date "2011.08.15"]
[Round "13.49"]
[White "Lim Zhuo Ren"]
[Black "Kourkoulos-Arditis, Stamatis"]
[Result "0-1"]
[WhiteElo "2155"]
[BlackElo "2123"]
[EventDate "2011.08.02"]
[PlyCount "91"]

1.d4 Nf6 2.c4 e6 3.g3 d5 4.Bg2 dxc4 5.Nf3 Nc6 6.O-O Rb8 7.a4 a6 8.a5 b5 9.
axb6 cxb6 10.Bf4 Bd6 11.Ne5 Na5 12.Rxa5 bxa5 13.Qa4+ Nd7 14.Nc6 Qc7 15.
Bxd6 Qxd6 16.Nxb8 Qxb8 17.Bc6 Qb4 18.Na3 c3 19.bxc3 Qxc3 20.Nc4 O-O 21.e3 
Nb8 22.Be8 Bb7 23.Rb1 Be4 24.Bxf7+ Kxf7 25.Nd6+ Kg8 26.Nxe4 Qd3 27.Rxb8 
Rxb8 28.Qc6 Qb3 29.Nc3 Qb6 30.Qc4 Kh8 31.h4 Rf8 32.Kg2 Qb7+ 33.e4 Qb2 34.
Ne2 a4 35.Nf4 a3 36.Qc5 Rb8 37.Nxe6 Qb7 38.d5 a2 39.Qd6 a1=Q 40.Nd8 Qb4 
41.Nf7+ Kg8 42.Qe6 Qf6 43.Nh6+ Kf8 44.Qg8+ Ke7 45.Nf5+ Kd7 46.Qd8+ 0-1

[Event "50th World U20 ch"]
[Site "Chennai IND"]
[Date "2011.08.15"]
[Round "13.50"]
[White "Vasli, Aref"]
[Black "Hercules, Benjamin Vincent"]
[Result "0-1"]
[WhiteElo "2181"]
[BlackElo "2089"]
[EventDate "2011.08.02"]
[PlyCount "84"]

1.d4 d5 2.Nf3 Nf6 3.Bf4 e6 4.e3 Be7 5.Nbd2 O-O 6.Bd3 b6 7.Ne5 Bb7 8.Qf3 c5
9.c3 Nc6 10.Qh3 Rc8 11.g4 g6 12.Qh6 Re8 13.Ndf3 Bf8 14.Qh3 Bg7 15.Nxc6 
Bxc6 16.Ba6 Ra8 17.Ne5 b5 18.dxc5 Qa5 19.Nxc6 Qxa6 20.Ne5 Ne4 21.O-O Nxc5 
22.g5 Qb7 23.Ng4 Nd7 24.Nh6+ Bxh6 25.Qxh6 e5 26.Bg3 f5 27.Rfd1 Rad8 28.a4 
a6 29.Qh4 Nc5 30.Qb4 Ne4 31.Bh4 h6 32.gxh6 g5 33.f3 gxh4 34.fxe4 Qb6 35.
Kf2 f4 36.Rg1+ Kh8 37.Rae1 dxe4 38.Qxe4 Rd2+ 39.Re2 fxe3+ 40.Ke1 Qd6 41.
Reg2 Rd1+ 42.Ke2 Rxg1 0-1

[Event "50th World U20 ch"]
[Site "Chennai IND"]
[Date "2011.08.15"]
[Round "13.51"]
[White "Benitez Lozano, Javier"]
[Black "Prince, Bajaj"]
[Result "0-1"]
[WhiteElo "1994"]
[BlackElo "2146"]
[EventDate "2011.08.02"]
[PlyCount "104"]

1.e4 c5 2.Nf3 e6 3.d4 cxd4 4.Nxd4 Nf6 5.Bd3 Nc6 6.Be3 d5 7.exd5 Nxd5 8.
Nxc6 bxc6 9.O-O Be7 10.Bd4 O-O 11.Re1 Bf6 12.Qh5 g6 13.Bxf6 Qxf6 14.Qe5 
Qxe5 15.Rxe5 Rb8 16.b3 Rd8 17.Na3 Nb4 18.Bc4 Rb7 19.c3 Nd5 20.Rc1 Rbd7 21.
Bxd5 cxd5 22.Nb5 Rb7 23.Nd4 f6 24.Re3 e5 25.Ne2 Bf5 26.Rd1 Rbd7 27.Ng3 Kf7
28.Nxf5 gxf5 29.f4 Ke6 30.Kf2 Rc8 31.Ke2 Rdc7 32.Kd2 d4 33.cxd4 e4 34.Ke1 
Kd5 35.Re2 h5 36.Kf2 Rc3 37.Re3 Rc1 38.Rd2 R8c2 39.Ree2 Rc3 40.Re3 R1c2 
41.Rxc3 Rxc3 42.Ke2 a5 43.Rd1 h4 44.Rd2 h3 45.Kf1 e3 46.Rd1 Rc2 47.Re1 
Rf2+ 48.Kg1 Rxg2+ 49.Kh1 e2 50.a3 Kxd4 51.b4 Kd3 52.bxa5 Kd2 0-1

[Event "50th World U20 ch"]
[Site "Chennai IND"]
[Date "2011.08.15"]
[Round "13.52"]
[White "Karma, Pandya"]
[Black "Sekar, B."]
[Result "1-0"]
[WhiteElo "2136"]
[BlackElo "2061"]
[EventDate "2011.08.02"]
[PlyCount "71"]

1.e4 c5 2.Nf3 d6 3.d4 cxd4 4.Nxd4 Nf6 5.Nc3 a6 6.Bc4 e6 7.Bb3 Nbd7 8.Bg5 
Qa5 9.Qd2 Be7 10.O-O-O Nc5 11.f4 Qc7 12.Rhe1 O-O 13.e5 dxe5 14.fxe5 Ne8 
15.Bxe7 Qxe7 16.Ne4 Nxe4 17.Rxe4 Bd7 18.Re3 Rd8 19.Rd3 Rc8 20.Nf5 exf5 21.
Rxd7 Qxe5 22.Re1 Qc5 23.Ree7 Nf6 24.Rxb7 Ne4 25.Qe1 Qc6 26.Rxf7 Rxf7 27.
Rxf7 Kh8 28.Rxf5 Qh6+ 29.Kb1 Nd2+ 30.Ka1 Nxb3+ 31.axb3 Qxh2 32.Qb4 Rg8 33.
Qe4 h6 34.Ka2 Qc7 35.g4 Rc8 36.g5 1-0

[Event "50th World U20 ch"]
[Site "Chennai IND"]
[Date "2011.08.15"]
[Round "13.53"]
[White "Lokesh, N."]
[Black "Mastalerz, Xavier"]
[Result "1/2-1/2"]
[WhiteElo "2090"]
[BlackElo "2129"]
[EventDate "2011.08.02"]
[PlyCount "76"]

1.e4 e6 2.d4 d5 3.e5 c5 4.c3 Nc6 5.Nf3 Qb6 6.Be2 Nh6 7.Bxh6 gxh6 8.Qd2 Bg7
9.O-O O-O 10.Na3 f6 11.exf6 Rxf6 12.Nc2 cxd4 13.cxd4 Bd7 14.Ne3 Raf8 15.
Ne5 Be8 16.Nxc6 Bxc6 17.g3 R6f7 18.Rad1 Bb5 19.Bxb5 Qxb5 20.b3 h5 21.Ng2 
Rf6 22.Rde1 Qb6 23.Rd1 R6f7 24.Qe3 Rf3 25.Qe2 Bxd4 26.Nf4 Rxf2 27.Rxf2 
Bxf2+ 28.Qxf2 Qxf2+ 29.Kxf2 e5 30.Rxd5 exf4 31.Rg5+ Kh8 32.Rxh5 fxg3+ 33.
Kxg3 Kg7 34.Rc5 Rf7 35.Kg4 h6 36.h3 Kg6 37.Rd5 Re7 38.Rc5 Rf7 1/2-1/2

[Event "50th World U20 ch"]
[Site "Chennai IND"]
[Date "2011.08.15"]
[Round "13.55"]
[White "Barbier, Sigiswald"]
[Black "Yashas, Devappa"]
[Result "1/2-1/2"]
[WhiteElo "2088"]
[BlackElo "2184"]
[EventDate "2011.08.02"]
[PlyCount "117"]

1.c4 e5 2.g3 Nf6 3.Bg2 Nc6 4.Nc3 Bb4 5.Nd5 Nxd5 6.cxd5 Ne7 7.Nf3 Bd6 8.e4 
c6 9.d4 cxd5 10.dxe5 Bb4+ 11.Bd2 Qb6 12.O-O dxe4 13.Ng5 Bxd2 14.Qxd2 O-O 
15.Rfe1 Ng6 16.Rxe4 h6 17.Nf3 a5 18.Rae1 Qa7 19.Nd4 Qb6 20.Nf3 Qa7 21.a4 
Qb6 22.Rd4 Re8 23.Rd6 Qc5 24.Rd5 Qc4 25.Rxa5 Rxa5 26.Qxa5 b6 27.Qxb6 Qxa4 
28.b4 Ba6 29.Qa5 Qc6 30.h4 Bd3 31.Qc5 Qa6 32.Qd4 Bb5 33.h5 Nf8 34.Bf1 Bxf1
35.Rxf1 Ne6 36.Qe4 Rc8 37.Rd1 Rc4 38.Qd3 Qc6 39.b5 Qxb5 40.Qxd7 Qxd7 41.
Rxd7 Re4 42.Kg2 Kf8 43.Rd5 Ke7 44.Ra5 Rg4 45.Kh3 Rc4 46.Ra7+ Rc7 47.Rxc7+ 
Nxc7 48.Nd4 Ne6 49.Nf5+ Kd7 50.Kg4 Kc6 51.Ne3 Kd7 52.Kf5 Ke7 53.Nd5+ Kd7 
54.Nf4 Nc5 55.g4 Ke7 56.g5 hxg5 57.Nd5+ Kf8 58.f3 Ne6 59.Nc3 1/2-1/2

[Event "50th World U20 ch"]
[Site "Chennai IND"]
[Date "2011.08.15"]
[Round "13.58"]
[White "Jaswant, G."]
[Black "Herman, Jean"]
[Result "1/2-1/2"]
[WhiteElo "2036"]
[BlackElo "2105"]
[EventDate "2011.08.02"]
[PlyCount "78"]

1.d4 d5 2.c4 c6 3.g3 Nf6 4.Bg2 e6 5.Nf3 Bd6 6.O-O O-O 7.Qc2 Nbd7 8.Nbd2 
Re8 9.e4 dxe4 10.Ng5 e5 11.Ndxe4 Bc7 12.dxe5 Bxe5 13.Rd1 Qe7 14.Re1 Qb4 
15.Re2 h6 16.a3 Qf8 17.Nf3 Bc7 18.Bd2 Nxe4 19.Rxe4 Rxe4 20.Qxe4 Nf6 21.Qh4
Ng4 22.h3 Bd8 23.Bb4 Qe8 24.Qh5 Nf6 25.Qe5 Qxe5 26.Nxe5 Be6 27.b3 Bc7 28.
Nd3 Rd8 29.Nc5 Bc8 30.Bc3 Nd7 31.Nd3 Nf8 32.Ne5 Ne6 33.f4 Nd4 34.Bxd4 Rxd4
35.Re1 Be6 36.Kh2 g5 37.fxg5 hxg5 38.a4 Kg7 39.Re3 Rd1 1/2-1/2

[Event "50th World U20 ch"]
[Site "Chennai IND"]
[Date "2011.08.15"]
[Round "13.59"]
[White "Bukhalaf, Khalil"]
[Black "Arun, J."]
[Result "0-1"]
[WhiteElo "2004"]
[BlackElo "2018"]
[EventDate "2011.08.02"]
[PlyCount "98"]

1.c4 Nf6 2.Nc3 c5 3.g3 g6 4.Bg2 Bg7 5.Nf3 O-O 6.O-O d5 7.cxd5 Nxd5 8.Nxd5 
Qxd5 9.d3 Qh5 10.Rb1 Nc6 11.Bd2 Bh3 12.b4 Bxg2 13.Kxg2 cxb4 14.Bxb4 Rfe8 
15.Ba3 Qa5 16.Qb3 b6 17.Rbc1 Rac8 18.Rc2 Nd4 19.Nxd4 Bxd4 20.Rfc1 Qa6 21.
Rc7 Be5 22.Rxc8 Rxc8 23.Rxc8+ Qxc8 24.Qd5 Bf6 25.e3 Qa6 26.Qb3 Qb7+ 27.Kg1
Qd7 28.d4 h5 29.Qc4 h4 30.d5 Qf5 31.gxh4 Qh3 32.Qe4 Bxh4 33.Bxe7 Bxe7 34.
Qxe7 Qg4+ 35.Kf1 Qd1+ 36.Kg2 Qxd5+ 37.e4 Qxa2 38.e5 Qa4 39.Qd8+ Kh7 40.Qe7
Qg4+ 41.Kf1 Qc4+ 42.Kg1 a5 43.h4 a4 44.h5 gxh5 45.Qf6 Qg4+ 46.Kh2 Qg6 47.
Qe7 Qf5 48.Kg2 b5 49.Qc5 b4 0-1